Business ethics and global values: (Record no. 15984)

MARC details
000 -LEADER
fixed length control field 00843nam a22002297a 4500
005 - DATE AND TIME OF LATEST TRANSACTION
control field 2008092903563.0
008 - FIXED-LENGTH DATA ELEMENTS--GENERAL INFORMATION
fixed length control field 080929t xxu||||| |||| 00| 0 eng d
010 ## - LCCN (DPL NO)
LC control number ENG-91070
020 ## - INTERNATIONAL STANDARD BOOK NUMBER
International Standard Book Number 9788184500974
Terms of availability 1800.00
035 ## - SYSTEM CONTROL NUMBER
System control number EN-74603
037 ## - SOURCE OF ACQUISITION
Source of stock number/acquisition DBAD / PUB
040 ## - CATALOGING SOURCE
Original cataloging agency DPL
082 ## - DEWEY DECIMAL CLASSIFICATION NUMBER
Classification number 174.4
100 ## - MAIN ENTRY--PERSONAL NAME
Personal name Bhatia, S.K.
245 ## - TITLE STATEMENT
Title Business ethics and global values:
Remainder of title for nanagement course/
Statement of responsibility, etc by S.K. Bhatia; foreword by Abad Ahmad
260 ## - PUBLICATION, DISTRIBUTION, ETC. (IMPRINT)
Place of publication, distribution, etc New Delhi
Name of publisher, distributor, etc Deep & Deep Publications
Date of publication, distribution, etc 2008
300 ## - PHYSICAL DESCRIPTION
Extent xvi, 430p.
Dimensions 24cm.(Hb)
650 ## - SUBJECT ADDED ENTRY--TOPICAL TERM
Topical term or geographic name as entry element Business ethics.
650 ## - SUBJECT ADDED ENTRY--TOPICAL TERM
Topical term or geographic name as entry element Social responsibility of business
942 ## - ADDED ENTRY ELEMENTS (KOHA)
Source of classification or shelving scheme Dewey Decimal Classification
Item type English Books
Classification part 174.4
Call number suffix BHA
Holdings
Withdrawn status Lost status Source of classification or shelving scheme Damaged status Not for loan Home library Current library Date acquired Source of acquisition Cost, normal purchase price Total Checkouts Full call number Barcode Date last seen Cost, replacement price Koha item type
    Dewey Decimal Classification   Not For Loan D.B.Act.Division D.B.Act.Division 29/09/2008 DBAD / PUB 1800.00   174.4 BHA EN-74603 29/09/2008 1800.00 English Books

© Delhi Public Library
Hit Counter
free hit counter